Personnages principaux de BD par images #2 - Statistiques

Statistiques générales
  • Ce quiz a été pris 182 fois
  • Le résultat moyen est 8 sur 15
Statistiques - réponses
Par images Réponse % Correct
Titeuf
99%
Marsupilami
98%
Balthazar Picsou
97%
Garfield
97%
Spirou
89%
Cédric
85%
Léonard
59%
Adèle
34%
Ariol
26%
Le Petit Barbare
25%
Captain Biceps
21%
Les P'tits Diables
18%
Le Scrameustache
15%
Paul
2%
Super Chien
2%
Aucun quiz correspondant
Distribution des résultats
% des personnes avec chaque résultat
Percentile par nombre de réponses
Votre historique - résultats
Vous n’avez pas pris ce quiz